Statystyki dla Skojarzenia państw poprzez 3 słowa.

Kliknij tutaj aby rozwiązać quiz!

Ogólne statystyki

  • Ten quiz został rozwiązany 121 razy
  • Średni wynik to 10 z 10

Odpowiedzi na mapie

Odpowiedzi skodowane kolorowo w zielono-czerwonej skali na mapie do tego quizu, zgodnie z poniższymi procentami.
 

Statystyki odpowiedzi

SkojarzeniaOdpowiedź% Poprawnych
Bagietka, ateiści, romantyzmFrancja
100%
Komunizm, zabawki, HongkongChiny
98%
Sahara, piramida, NilEgipt
98%
Ziemia ognista, Messi, FalklandyArgentyna
97%
Minecraft, Skandynawia, Dzieci z BullerbynSzwecja
97%
Tasmania, kangur, pustyniaAustralia
96%
Anime, krewetki, WyspyJaponia
96%
Burrito, ostre jedzenie, „Nowa Hiszpania“Meksyk
93%
Arktyka, Wyspy Owcze, wikingowieDania
92%
Filmy, Himalaje, kurkumaIndie
83%

Rozkład punktacji

Percentyl według liczby udzielonych odpowiedzi

Procent ludzi z każdym wynikiem

Twoja historia wyników

Nie rozwiązałeś tego quizu